000 00567nam a2200205 a 4500
001 ES-MaREB00005610-2
003 OSt
005 20150224153324.0
008 020226s1997 espa j 000 1 spa d
020 _a84-348-5244-6
040 _cBMC
082 _a808.068083
100 1 _aKeselman, Gabriela.
245 1 0 _aNadie quiere jugar conmigo
_cGabriela Keselman
260 _aMadrid
_bSM
_cD.L. 1999
300 _a59 p.
_bil. col.
_c19 cm
490 0 _aEl barco de vapor. Serie blanca
_v67
650 2 4 _929811
_aCuentos infantiles
942 _2ddc
_cBK
_hahoj
999 _c18920
_d18920